00864nam a2200241Ia 4500003000400000005001700004008004100021020001500062040001800077041000800095082002000103100002500123245009000148250001200238260004300250300002900293650004600322650004500368650003400413942003100447999001900478952012500497OSt20251213111014.0210716s2000 xx 000 0 und d a8176562114 cAIMIT LIBRARY aeng a006.3721bJERN aJerke, Noel.9249023 aVisual basic developers guide to e-commerce with asp and sql server /cBy Noel Jerke. a1st ed. aNew Delhi :bBPB Publications ,c2000. axxvii,721p. ;bPBc24 cm aDesigning an E- commerce solution9249024 aBuilding the shopping experience9249025 aManaging the solution9249026 2ddccBKe1st k006.37 JERN c184016d184016 001040708MCAaAIMITbAIMITd2021-07-16g297.00l0o006.37 JERNpMCA03524r2026-05-23 00:00:00v297.00w2021-07-16yBK